| 000 | 01234nam a22002657a 4500 | ||
|---|---|---|---|
| 003 | OSt | ||
| 005 | 20250627124542.0 | ||
| 008 | 200217t2001 ck ao||gr|||| 00| pcspa d | ||
| 040 |
_aCO-JMCR _cCO-JMCR |
||
| 041 | 0 | _aspa | |
| 082 | 0 | 4 |
_aA-P _bGOMp |
| 100 | 1 |
_aGómez Aristizábal, Horacio, _eautor _9619 |
|
| 245 | 1 | 0 |
_aPoesía de protesta en hispanoamérica / _c[Horacio Gómez Aristizábal, Jaime González Parra, Hernando Vásquez ; composición de textos, Clara María Parra] |
| 260 |
_aBogotá : _bKimpres, _c©2001 |
||
| 300 |
_a134 páginas : _bilustraciones, fotografías a blanco y negro ; _c21 cm. |
||
| 500 | _aIncluye datos biográficos de los autores en tapa posterior. | ||
| 520 | _aArgentina -- Bolivia -- Colombia -- Costa Rica -- Cuba -- Chile -- Ecuador -- El salvador -- Guatemala -- Honduras -- México -- Nicaragua -- Panamá -- Paraguay -- Perú -- Puerto Rico -- Santo Domingo -- Uruguay -- Venezuela | ||
| 650 | 2 | 4 |
_aPoesía _zArgentina _9620 |
| 650 | 2 | 4 |
_aPoesía _zBolivia _9621 |
| 650 | 2 | 4 |
_aPoesía _zColombia _9622 |
| 700 | 1 |
_aGonzález Parra, Jaime, _eautor _9623 |
|
| 700 | 1 |
_aVásquez, Hernando, _eautor _9624 |
|
| 700 | 1 |
_aParra, Clara María, _eComposición de textos _9625 |
|
| 942 |
_2ddc _cBK |
||
| 999 |
_c6530 _d6530 |
||